00706 2200253 4500001002100000005001500021035002000036007000300056008004100059020001800100082001100118084001700129100004100146245004800187250001000235300002800245650001200273650002000285700003000305264004300335336002100378337003000399338002300429INLIS00000000000008120230711122258 a0010-0723000057ta230711 0  a602-9122-15-2 a621.56 a621.56 PET p0 aPetrus Haditi HastungkoroePengarang1 aPeralatan Listrik Pendingin /cTeguh Widodo acet 1 a76 hlm :bilus ;c25 cm 4aListrik 4aMesin Pendingin0 aRetno HastutiePenyunting aKlaten :bSaka Mitra Kompetensi,c2011 2rdacontentateks 2rdamediaatanpa perantara 2rdacarrieravolume